Sports Quiz

Random Sports Quiz

Teams by Synonyms Quiz Stats

 Plays Quiz not verified by Sporcle

Challenge
Share
Tweet
Embed
Score 0/40 Timer 05:00
0 Plays Today
Synonym Team % Correct
DemonsDevils
83.1%
AirplanesJets
81.9%
Scarlet StockingsRed Sox
80.7%
Native AmericansIndians
80.4%
Male MonarchsKings
77.7%
Male CowsBulls
76.9%
IrishmenCeltics
76.6%
SorcerersWizards
75.7%
Baby LionsCubs
75.4%
Baby HorsesColts
74.5%
Scandinavian WarriorsVikings
71.5%
Antarctic BirdsPenguins
70.3%
Snow SlideAvalanche
70.3%
Atmospheric ElectricityLightning
69.4%
Holy IndividualsSaints
68.5%
Thermal ForceHeat
68.2%
Look-alikesTwins
68%
Male SheepRams
68%
RattlesnakesDiamondbacks
67.7%
FiresFlames
67.1%
Synonym Team % Correct
American SeparatistsPatriots
66.2%
Paper MoneyBills
64.1%
Divine BeingsAngels
63.8%
Birds of PreyRaptors or Hawks
62%
Yellow JacketsHornets
62%
Untrained HorsesBroncos
62%
MissilesRockets
61.4%
Maritime RobbersPirates
59.3%
BIG LETTERSCapitals
59.1%
NorthernersYankees
57.6%
Air TravelersFlyers
54.9%
StormsHurricanes
54.6%
Animal HerdersCowboys
48.1%
SwordsSabres
47.2%
StarsSuns
43.3%
SoldiersWarriors
41.8%
AvoidersDodgers
41.2%
DomesticsNationals
34.7%
LeadersChiefs
32.6%
HuntersPredators
28.5%

You're not logged in!

Compare scores with friends on all Sporcle quizzes.
OR
Log In

You Might Also Like...

Show Comments

Extras

Created Mar 20, 2010ReportNominate
Tags:league, synonym, team

Top Quizzes Today


Score Distribution

Your Account Isn't Verified!

In order to create a playlist on Sporcle, you need to verify the email address you used during registration. Go to your Sporcle Settings to finish the process.

Report this User

Report this user for behavior that violates our Community Guidelines.

Details: